000 00498cam a22002051a 4500
001 sa 65001683
003 DLC
005 20260227112110.0
008 950420s1960 io 000 0 ind
010 _asa 65001683
025 _aPL480:Indo-1292
035 _a(OCoLC)32342001
040 _aDLC
_cWU
_dDLC
042 _apremarc
050 0 0 _aPL5089.W56
_bJ3
100 1 _aWispi, Agam.
245 1 0 _aJang tak terbungkamkan.
260 _aDjakarta :
_bLekra,
_c1960.
300 _a84 p. ;
_c18 cm.
999 _c62163
_d62163